000 00643nam a2200241Ia 4500
003 OSt
005 20221005131615.0
006 a|||||r|||| 00| 0
007 ta
008 221004b |||||||| |||| 00| 0 eng d
024 _a57667
037 _cTextual
040 _aCRL
_cCRL
_beng
041 _2eng
_aeng
082 _aT4:823.6.N5, K3
100 _aCarr-Saunders A M
_992137
245 0 _aStaffing African universities
260 _c1963
490 _aOverseas development Institute pamphlets
650 _aHIGHER EDUCATION
942 _hT4:823.6.N5, K3
_cTEXL
_2cc
999 _c1060887
_d1060887